| 000 | 01073naa a22002897a 4500 | ||
|---|---|---|---|
| 001 | BR9212427 | ||
| 003 | BR-BrBNA | ||
| 005 | 20240918181640.0 | ||
| 007 | ta | ||
| 008 | 230509b bl.||||| |||| 00| 0 por d | ||
| 040 |
_aBR-BrBNA _bpor _cBiblioteca Nacional de Agricultura |
||
| 041 | _a(Pt) | ||
| 072 | _aJ12 | ||
| 090 | _aJ12 BR9212427 | ||
| 100 | 1 | _aFerraz, I.D.K. | |
| 111 | 1 |
_a2. Simposio Brasileiro sobre Tecnologia de Sementes Florestais _cAtibaia, SP (Brazil) _d16-19 Oct 1989 |
|
| 245 | 1 | _aArmazenamento e teor de umidade em sementes de Carapa procera D.C. | |
| 260 | 3 |
_aSao Paulo, SP (Brasil): _c1991. |
|
| 500 | _aAnais do 2. Simposio Brasileiro sobre Tecnologia de Sementes Floretais Sao Paulo, SP (Brasil): 1991. p. 38 (BR9212427-AM)J12 | ||
| 650 | _aAndiroba | ||
| 650 | _aSemente | ||
| 650 | _aArmazenamento | ||
| 650 | _aTeor de Umidade | ||
| 773 | 0 |
_tAnais do 2. Simposio Brasileiro sobre Tecnologia de Sementes Floretais _wJ12 BR9212427 _gSao Paulo, SP (Brasil), 1991. p. 38 |
|
| 909 |
_a202404 _bLucia _c55 _dLucia Elande |
||
| 942 |
_cAM _2AGRIS |
||
| 999 |
_c326203 _d326203 |
||